00781nam a2200229Ia 45000010006000000050017000060070003000230080041000260400025000670410008000920820025001001000028001252450093001532500014002462600052002603000019003126530026003316530014003579420012003719520151003839990017005342527020240114000837.0ta060422s1979 g b000 u 807 u aCotton College,Assam a807 a891.43309bPa 192 Hi aPandey, Indra Prakash . 0aHindi Ke Anchalik Upanyason Mein Jivan Satya /cIndra Prakash Pandey.hTextual Documents a1st ed. / aNew Delhi :bNational publishing house ,c1979. a297p. ;c22cm. aHindi novel-Criticism aGen-Hindi 2ddccBK 001040708Circulation (G)aSKBLbSKBLd2012-02-01f00000l1o891.43309 Pa 192 Hip1144/Hindir2025-06-10 13:37:26s2025-05-06t1w2012-02-01yBK c25252d25252